000 00229nam a22000977a 4500
008 180803b xxu||||| |||| 00| 0 eng d
082 _a813.52
245 _aGoin' to Chicago
_cFransisco,S
300 _a1
_fCassette
942 _2ddc
_cMX
999 _c46745
_d46745